تعليم الطفل طرق التفكير والمسئولية / (رقم التسجيلة. 130771)

تفاصيل مارك
000 -الفاتح
عناصر البيانات ثابتة الطول 00672cam a2200193 i 4500
005 - تاريخ ووقت آخر معاملة
حقل ضبط 20251109085728.0
008 - عناصر البيانات ثابتة الطول
عناصر البيانات ثابتة الطول 250721s2015 ua gr 000 0 ara d
082 14 - رقم تصنيف ديوي العشري
رقم التصنيف 155.4
رقم المادة ع ا د
100 1# - مدخل رئيسي – اسم شخصي
الاسم الشخصي عادل، أيمن محمد
علاقة الشخص بالعمل/ دوره مؤلف.
245 10 - بيان العنوان
العنوان تعليم الطفل طرق التفكير والمسئولية /
بيان المسؤولية د.أيمن محمد عادل.
250 ## - بيان الطبعة
بيان الطبعة الطبعة الأولى.
264 31 - بيانات النشر، التوزيع…إلخ
مكان النشر، التوزيع...إلخ الجيزة :
اسم الناشر، الموزع...إلخ نور المعرفة للمشروعات،
تاريخ النشر، التوزيع...إلخ 2015.
300 ## - الوصف المادي
عدد الوحدات المكونة للوعاء 149صفحة.
650 17 - مدخل إضافي بالموضوع - مصطلح موضوعي
مصطلح موضوعي أو اسم جغرافي كعنصر مدخل التعلم.
650 17 - مدخل إضافي بالموضوع - مصطلح موضوعي
مصطلح موضوعي أو اسم جغرافي كعنصر مدخل الأطفال.
650 17 - مدخل إضافي بالموضوع - مصطلح موضوعي
مصطلح موضوعي أو اسم جغرافي كعنصر مدخل سيكولوجية الطفولة.
942 ## - بيانات إضافية (كوها)
نوع التنصيف Dewey Decimal Classification
نوع المادة (كوها) كتب
المقتنيات
حالة السحب حالة الفقدان مصدر التصنيف حالة التلف غير قابل للإعارة المكتبة الرئيسية المكتبة الحالية موقع الرف تاريخ التزويد الرقم المتسلسل Total Checkouts رقم الإستدعاء الباركود تاريخ آخر ظهور تاريخ الفاتورة نوع المادة (كوها)
    Dewey Decimal Classification     المكتبة المركزية المكتبة المركزية الإعارة 28/07/2025 1588093   155.4 / ع ا د PLD00311915 28/07/2025 28/07/2025 كتب
    Dewey Decimal Classification     مكتبة أم قصير والمقابلين العامة مكتبة أم قصير والمقابلين العامة الإعارة 15/12/2014 1588096   155.4/عاد PLD00312094 28/07/2025 15/12/2014 كتب
    Dewey Decimal Classification     مكتبة الحسن العامة مكتبة الحسن العامة الإعارة 15/12/2014 1588097   155.4/عاد PLD00312095 28/07/2025 15/12/2014 كتب
    Dewey Decimal Classification     مكتبة النصر العامة مكتبة النصر العامة الإعارة 15/12/2014 1588094   155.4/عاد PLD00312092 28/07/2025 15/12/2014 كتب
    Dewey Decimal Classification     مكتبةمؤتة مكتبةمؤتة الإعارة 15/12/2014 1588095   155.4/عاد PLD00312093 28/07/2025 15/12/2014 كتب
Implemented & Customized by: BBB with SCIT (Smart Chains for Information Technology)

Powered by Koha